| 000 | 02399cam a22005294i 4500 | ||
|---|---|---|---|
| 003 | PE-LiUPU | ||
| 005 | 20250731173424.0 | ||
| 008 | 150706s r 000 0 d | ||
| 020 | _a9781616385330 | ||
| 035 | _a(Sirsi) i9781616385330 | ||
| 040 |
_aPE-LiUPU _bspa _cPE-LiUPU _erda |
||
| 049 | _aPRUA | ||
| 082 | 0 | 4 |
_a234.131 _bP51 _221 |
| 100 | 1 |
_aPhillips, Ron, _eautor. |
|
| 245 | 1 | 4 |
_aUna guía esencial para el don de sanidad / _cRon Phillips. |
| 264 | 1 |
_aLake Mary, Florida : _bCasa Creación, _c2012. |
|
| 300 |
_a120 páginas ; _c18 cm. |
||
| 336 |
_atext _2rdacontent |
||
| 337 |
_aunmediated _2rdamedia |
||
| 338 |
_avolume _2rdacarrier |
||
| 490 | 0 |
_aEseñanza básica ; _v3 |
|
| 505 | 0 | _aLa santidad y la vida abundante -- La santidad y el misterio de la enfermedad -- La santidad en el antiguo testamento -- Jesús el sanador - Jesús sanó por la Palabra -- Jesús sanó por la fe -- Jesús sanó a liberar servicio -- Jesús sanó para restaurar la vida -- Jesús sanó por la fe de otros -- Jesús sanó mediante la liberación -- Jesús sanó a los desesperados -- Jesús sanó al persistente -- Jesús sanó para revelar el propósito de de Dios -- Jesús sanó a sus enemigos - El Ministerio de Sanidad en el cuerpo de Cristo hoy -- Sanidad mediante la Comunión - Seis dimensiones de sanidad -- Sanidad en los últimos días -- ¿Quiere usted ser sanado?. | |
| 526 | _aSEG42 | ||
| 526 | _aSEG41 | ||
| 526 | _aSEG40 | ||
| 526 | _aSEG39 | ||
| 526 | _aP94 | ||
| 526 | _aP87 | ||
| 526 | _aP86 | ||
| 526 | _aP85 | ||
| 526 | _aP77 | ||
| 526 | _aP76 | ||
| 526 | _aP35 | ||
| 541 | _g001-0000607; | ||
| 600 | 1 | _aJesucristo | |
| 650 | 1 | 4 | _aCuración por la fe. |
| 700 | 1 |
_aPérez, María Mercedes, _etr. |
|
| 700 | 1 |
_aLópez, María Bettina, _etr. |
|
| 700 | 1 |
_aFabbri Rojas, María del C., _eed. |
|
| 700 | 1 |
_aJohnson, bill, _edir. |
|
| 910 |
_agl _bjv _cng _d20121024 |
||
| 942 |
_2ddc _cBOOK |
||
| 949 |
_a234.131 P51 _wDEWEY _c1 _i65690 _lCCODEBUL1 _mBUL _p19.00 _r0 _sY _tBOOK _u2015-7-6 _xTEOLOGIA _PP35 _o.STAFF. Colección General |
||
| 994 |
_aC0 _bPEPRU |
||
| 596 | _a1 | ||
| 999 |
_a234.131 P51 _wDEWEY _c54122 _i65690 _d54122 _f2021-11-10 _g5 _lCCODEBUL1 _mBUL _p19.00 _q1 _r0 _sY _tBOOK _u2015-7-6 _xTEOLOGIA _PP35 _0COMPRA _o.STAFF. Colección General |
||
| 980 |
_81 _gALBERTO SANCHEZ Responsable de Automatización |
||